<?xml version="1.0" encoding="UTF-8"?>
<collection xmlns="http://www.loc.gov/MARC21/slim">
 <record>
  <leader>05028nam a22005895i 4500</leader>
  <controlfield tag="001">978-3-030-20528-7</controlfield>
  <controlfield tag="003">DE-He213</controlfield>
  <controlfield tag="005">20210622113547.0</controlfield>
  <controlfield tag="007">cr nn 008mamaa</controlfield>
  <controlfield tag="008">190511s2019    gw |    s    |||| 0|eng d</controlfield>
  <datafield tag="020" ind1=" " ind2=" ">
   <subfield code="a">9783030205287</subfield>
   <subfield code="9">978-3-030-20528-7</subfield>
  </datafield>
  <datafield tag="024" ind1="7" ind2=" ">
   <subfield code="a">10.1007/978-3-030-20528-7</subfield>
   <subfield code="2">doi</subfield>
  </datafield>
  <datafield tag="050" ind1=" " ind2="4">
   <subfield code="a">Q334-342</subfield>
  </datafield>
  <datafield tag="072" ind1=" " ind2="7">
   <subfield code="a">UYQ</subfield>
   <subfield code="2">bicssc</subfield>
  </datafield>
  <datafield tag="072" ind1=" " ind2="7">
   <subfield code="a">COM004000</subfield>
   <subfield code="2">bisacsh</subfield>
  </datafield>
  <datafield tag="072" ind1=" " ind2="7">
   <subfield code="a">UYQ</subfield>
   <subfield code="2">thema</subfield>
  </datafield>
  <datafield tag="082" ind1="0" ind2="4">
   <subfield code="a">006.3</subfield>
   <subfield code="2">23</subfield>
  </datafield>
  <datafield tag="245" ind1="1" ind2="0">
   <subfield code="a">Logic Programming and Nonmonotonic Reasoning</subfield>
   <subfield code="h">[electronic resource] :</subfield>
   <subfield code="b">15th International Conference, LPNMR 2019, Philadelphia, PA, USA, June 3-7, 2019, Proceedings /</subfield>
   <subfield code="c">edited by Marcello Balduccini, Yuliya Lierler, Stefan Woltran.</subfield>
  </datafield>
  <datafield tag="250" ind1=" " ind2=" ">
   <subfield code="a">1st ed. 2019.</subfield>
  </datafield>
  <datafield tag="264" ind1=" " ind2="1">
   <subfield code="a">Cham :</subfield>
   <subfield code="b">Springer International Publishing :</subfield>
   <subfield code="b">Imprint: Springer,</subfield>
   <subfield code="c">2019.</subfield>
  </datafield>
  <datafield tag="300" ind1=" " ind2=" ">
   <subfield code="a">XXI, 348 p. 787 illus., 21 illus. in color.</subfield>
   <subfield code="b">online resource.</subfield>
  </datafield>
  <datafield tag="336" ind1=" " ind2=" ">
   <subfield code="a">text</subfield>
   <subfield code="b">txt</subfield>
   <subfield code="2">rdacontent</subfield>
  </datafield>
  <datafield tag="337" ind1=" " ind2=" ">
   <subfield code="a">computer</subfield>
   <subfield code="b">c</subfield>
   <subfield code="2">rdamedia</subfield>
  </datafield>
  <datafield tag="338" ind1=" " ind2=" ">
   <subfield code="a">online resource</subfield>
   <subfield code="b">cr</subfield>
   <subfield code="2">rdacarrier</subfield>
  </datafield>
  <datafield tag="347" ind1=" " ind2=" ">
   <subfield code="a">text file</subfield>
   <subfield code="b">PDF</subfield>
   <subfield code="2">rda</subfield>
  </datafield>
  <datafield tag="490" ind1="1" ind2=" ">
   <subfield code="a">Lecture Notes in Artificial Intelligence ;</subfield>
   <subfield code="v">11481</subfield>
  </datafield>
  <datafield tag="505" ind1="0" ind2=" ">
   <subfield code="a">Applications -- Train scheduling with hybrid ASP -- Telco Network Inventory Validation with NoHR -- An ASP-based Framework for the Manipulation of Articulated Objects using Dual-arm Robots -- C-ASP: Continuous ASP-based Reasoning over RDF Streams -- Internet Routing and Non-Monotonic Reasoning -- Argumentation -- Assessing arguments with schemes and fallacies -- Simple Contrapositive Assumption-Based Frameworks -- Argumentation-based Explanations for Answer Sets using ADF -- Foundations and Complexity -- Treewidth and Counting Projected Answer Sets -- Splitting Epistemic Logic Programs -- Founded World Views with Autoepistemic Equilibrium Logic -- Towards Dynamic Answer Set Programming over finite traces -- A Sequent-Type Calculus for Three-Valued Default Logic, or: Tweety Meets Quartum Non Datur -- Knowledge Representation and Reasoning -- Diagnosing Data Pipeline Failures Using Action Languages -- Repair-Based Degrees of Database Inconsistency -- Elect: An Inconsistency Handling Approach for Partially Preordered Lightweight Ontologies -- Elaboration Tolerant Representation of Markov Decision Process via Decision-Theoretic Extension of Action Language pBC+ -- Systems -- Evaluation of disjunctive programs in WASP -- telinge = ASP + Time -- Verifying Strong Equivalence of Programs in the Input Language of GRINGO -- The return of XORRO -- Degrees of Laziness in Grounding: Effects of Lazy-Grounding Strategies on ASP Solving -- Enhancing DLV for Large-Scale Reasoning -- Pruning External Minimality Checking for ASP Using Semantic Dependencies -- Declarative local search for predicate logic.</subfield>
  </datafield>
  <datafield tag="520" ind1=" " ind2=" ">
   <subfield code="a">This book constitutes the refereed proceedings of the 15th International Conference on Logic Programming and Nonmonotonic Reasoning, LPNMR 2019, held in Philadelphia, PA, USA, in June 2019. The 22 full papers and 3 short papers presented in this volume were carefully reviewed and selected from a total of 39 submissions. The papers were organized in topical sections named: applications; argumentation; foundations and complexity; knowledge representation and reasoning; and systems.</subfield>
  </datafield>
  <datafield tag="650" ind1=" " ind2="0">
   <subfield code="a">Artificial intelligence.</subfield>
  </datafield>
  <datafield tag="650" ind1=" " ind2="0">
   <subfield code="a">Computer logic.</subfield>
  </datafield>
  <datafield tag="650" ind1=" " ind2="0">
   <subfield code="a">Software engineering.</subfield>
  </datafield>
  <datafield tag="650" ind1=" " ind2="0">
   <subfield code="a">Application software.</subfield>
  </datafield>
  <datafield tag="650" ind1=" " ind2="0">
   <subfield code="a">Database management.</subfield>
  </datafield>
  <datafield tag="650" ind1="1" ind2="4">
   <subfield code="a">Artificial Intelligence.</subfield>
   <subfield code="0">https://scigraph.springernature.com/ontologies/product-market-codes/I21000</subfield>
  </datafield>
  <datafield tag="650" ind1="2" ind2="4">
   <subfield code="a">Logics and Meanings of Programs.</subfield>
   <subfield code="0">https://scigraph.springernature.com/ontologies/product-market-codes/I1603X</subfield>
  </datafield>
  <datafield tag="650" ind1="2" ind2="4">
   <subfield code="a">Software Engineering/Programming and Operating Systems.</subfield>
   <subfield code="0">https://scigraph.springernature.com/ontologies/product-market-codes/I14002</subfield>
  </datafield>
  <datafield tag="650" ind1="2" ind2="4">
   <subfield code="a">Computer Appl. in Administrative Data Processing.</subfield>
   <subfield code="0">https://scigraph.springernature.com/ontologies/product-market-codes/I2301X</subfield>
  </datafield>
  <datafield tag="650" ind1="2" ind2="4">
   <subfield code="a">Database Management.</subfield>
   <subfield code="0">https://scigraph.springernature.com/ontologies/product-market-codes/I18024</subfield>
  </datafield>
  <datafield tag="700" ind1="1" ind2=" ">
   <subfield code="a">Balduccini, Marcello.</subfield>
   <subfield code="e">editor.</subfield>
   <subfield code="0">(orcid)0000-0001-5445-3054</subfield>
   <subfield code="1">https://orcid.org/0000-0001-5445-3054</subfield>
   <subfield code="4">edt</subfield>
   <subfield code="4">http://id.loc.gov/vocabulary/relators/edt</subfield>
  </datafield>
  <datafield tag="700" ind1="1" ind2=" ">
   <subfield code="a">Lierler, Yuliya.</subfield>
   <subfield code="e">editor.</subfield>
   <subfield code="0">(orcid)0000-0002-6146-623X</subfield>
   <subfield code="1">https://orcid.org/0000-0002-6146-623X</subfield>
   <subfield code="4">edt</subfield>
   <subfield code="4">http://id.loc.gov/vocabulary/relators/edt</subfield>
  </datafield>
  <datafield tag="700" ind1="1" ind2=" ">
   <subfield code="a">Woltran, Stefan.</subfield>
   <subfield code="e">editor.</subfield>
   <subfield code="0">(orcid)0000-0003-1594-8972</subfield>
   <subfield code="1">https://orcid.org/0000-0003-1594-8972</subfield>
   <subfield code="4">edt</subfield>
   <subfield code="4">http://id.loc.gov/vocabulary/relators/edt</subfield>
  </datafield>
  <datafield tag="710" ind1="2" ind2=" ">
   <subfield code="a">SpringerLink (Online service)</subfield>
  </datafield>
  <datafield tag="773" ind1="0" ind2=" ">
   <subfield code="t">Springer Nature eBook</subfield>
  </datafield>
  <datafield tag="776" ind1="0" ind2="8">
   <subfield code="i">Printed edition:</subfield>
   <subfield code="z">9783030205270</subfield>
  </datafield>
  <datafield tag="776" ind1="0" ind2="8">
   <subfield code="i">Printed edition:</subfield>
   <subfield code="z">9783030205294</subfield>
  </datafield>
  <datafield tag="830" ind1=" " ind2="0">
   <subfield code="a">Lecture Notes in Artificial Intelligence ;</subfield>
   <subfield code="v">11481</subfield>
  </datafield>
  <datafield tag="856" ind1="4" ind2="0">
   <subfield code="u">https://doi.org/10.1007/978-3-030-20528-7</subfield>
  </datafield>
  <datafield tag="912" ind1=" " ind2=" ">
   <subfield code="a">ZDB-2-SCS</subfield>
  </datafield>
  <datafield tag="912" ind1=" " ind2=" ">
   <subfield code="a">ZDB-2-SXCS</subfield>
  </datafield>
  <datafield tag="912" ind1=" " ind2=" ">
   <subfield code="a">ZDB-2-LNC</subfield>
  </datafield>
  <datafield tag="950" ind1=" " ind2=" ">
   <subfield code="a">Computer Science (SpringerNature-11645)</subfield>
  </datafield>
  <datafield tag="950" ind1=" " ind2=" ">
   <subfield code="a">Computer Science (R0) (SpringerNature-43710)</subfield>
  </datafield>
 </record>
</collection>
